000 01196nam a2200289 i 4500
001 186964
003 SpMaBN
005 20230906222802.0
008 170309s1974 sp |||| | spa d
080 _a348.324.2(460.181 L.)"11/18"
100 1 _aVillacorta Rodríguez, Tomás.
_9162038
245 1 3 _aEl Cabildo Catedral de León
_b: [estudio histórico-jurídico, siglos XII-XIX] /
_cTomás Villacorta Rodríguez.
260 _aLeón :
_bCentro de Estudios e Investigación "San Isidoro",
_c1974.
300 _a17- 687 p. ;
_c25 cm.
490 1 _aFuentes y estudios de historia leonesa ;
_v12
500 _aÍndices.
504 _aBibliografía: p. 19-32.
594 _aDescripción tomada del Catálogo de la BNE.
597 _aEjemplar falto de las primeras 16 p.
598 _aCol. patrocinada y dir. por Archivo Histórico Diocesano de León.
610 2 4 _aCatedral de León.
_bCabildo.
_9155688
710 2 _aCentro de Estudios e Investigación "San Isidoro"
_9134242
710 2 _aArchivo Histórico Diocesano de León.
_9144237
830 1 _aFuentes y estudios de historia leonesa ;
_v12
_9192719
852 _aES-MaACL
_jL-31208
_z- Enc. guaflex
999 _c186964
_d186964